[Event "Magyar Korcsoportos Bajnokság fiú14"]
[Site "Eger"]
[Date "2022.07.27"]
[Round "5.2"]
[White "Kolimar, Kristof Pal"]
[Black "Megyaszai, Balazs"]
[Result "1-0"]
[WhiteElo "2160"]
[BlackElo "1919"]
[PlyCount "113"]
[EventDate "2022.09.23"]
[EventType "tourn"]
[EventRounds "9"]
[EventCountry "HUN"]

1. Nf3 d5 2. c4 e6 3. g3 c6 4. Bg2 dxc4 5. a4 Nf6 6. O-O Na6 7. Qc2 Nb4 8. Qxc4
Qd5 9. Na3 Qxc4 10. Nxc4 Be7 11. d3 O-O 12. a5 Nd7 13. Bd2 f6 14. Nd4 Kf7 15.
Rfc1 Na6 16. Rab1 Bb4 17. Nc2 Bxd2 18. Nxd2 Nc7 19. Na3 a6 20. d4 e5 21. Nb3
exd4 22. Nxd4 Nb5 23. Naxb5 axb5 24. b4 Ne5 25. e3 Nc4 26. Bf1 Nd2 27. Rb2 Nxf1
28. Kxf1 Be6 29. f3 Bc4+ 30. Kf2 g6 31. g4 Rfc8 32. Nb3 Bxb3 33. Rxb3 Rd8 34.
Ke2 Rd6 35. Rd3 Rad8 36. Rcd1 Ke6 37. Rxd6+ Rxd6 38. Ra1 Rd7 39. h4 Rc7 40. Rc1
Kd6 41. Rc5 b6 42. axb6 Rb7 43. Rc2 Rxb6 44. Rd2+ Ke7 45. Ra2 Rb7 46. Ra6 Kd6
47. Kd3 Rf7 48. Kd4 f5 49. g5 Rd7 50. e4 fxe4 51. fxe4 Ke6+ 52. Kc5 Ke5 53.
Rxc6 Rd1 54. Rc7 Rc1+ 55. Kb6 Rc4 56. Rc5+ Rxc5 57. Kxc5 1-0

[Event "Magyar Korcsoportos Bajnokság fiú14"]
[Site "Eger"]
[Date "2022.07.27"]
[Round "5.3"]
[White "Szakmary, Domonkos"]
[Black "Bodrogi, Bendeguz"]
[Result "0-1"]
[WhiteElo "1967"]
[BlackElo "2170"]
[PlyCount "70"]
[EventDate "2022.09.23"]
[EventType "tourn"]
[EventRounds "9"]
[EventCountry "HUN"]

1. e4 c5 2. Nf3 Nc6 3. d4 cxd4 4. Nxd4 e5 5. Nb5 a6 6. Nd6+ Bxd6 7. Qxd6 Qe7 8.
Qd1 Nf6 9. Nc3 d6 10. Bg5 Be6 11. Nd5 Bxd5 12. exd5 Nb8 13. c4 Nbd7 14. Be2 h6
15. Be3 a5 16. a4 O-O 17. O-O Nh7 18. Ra3 Nc5 19. Bc1 f5 20. f4 Nf6 21. Re3
Nfe4 22. Bd3 Rae8 23. Bxe4 exf4 24. Ree1 fxe4 25. Rxf4 Rxf4 26. Bxf4 Nd3 27.
Rf1 Nxf4 28. Rxf4 e3 29. Qe2 Qe5 30. g3 Re7 31. Kg2 g5 32. Rf1 Qe4+ 33. Kh3 h5
34. b3 g4+ 35. Kh4 Rg7 0-1

[Event "Magyar Korcsoportos Bajnokság fiú14"]
[Site "Eger"]
[Date "2022.07.27"]
[Round "5.4"]
[White "Turcsanyi, Vince Gergo"]
[Black "Giang, Tran Nam"]
[Result "1/2-1/2"]
[WhiteElo "2117"]
[BlackElo "2144"]
[PlyCount "50"]
[EventDate "2022.09.23"]
[EventType "tourn"]
[EventRounds "9"]
[EventCountry "HUN"]

1. e4 e6 2. d4 d5 3. Nc3 Bb4 4. e5 c5 5. Bd2 Ne7 6. f4 Nbc6 7. Nb5 Bxd2+ 8.
Qxd2 O-O 9. dxc5 f6 10. exf6 Rxf6 11. O-O-O b6 12. cxb6 Qxb6 13. Nf3 Ba6 14.
Nbd4 Rb8 15. b3 Na5 16. Ne5 Bc8 17. Kb1 Nac6 18. Nexc6 Nxc6 19. Nxc6 Qxc6 20.
Bd3 Qc7 21. Rhf1 a5 22. h4 Bd7 23. Qe3 a4 24. g4 axb3 25. cxb3 Rb4 1/2-1/2

[Event "Magyar Korcsoportos Bajnokság fiú14"]
[Site "Eger"]
[Date "2022.07.27"]
[Round "5.5"]
[White "Matyassy, Lazar"]
[Black "Csernyik, Mark"]
[Result "1/2-1/2"]
[WhiteElo "2132"]
[BlackElo "2022"]
[PlyCount "37"]
[EventDate "2022.09.23"]
[EventType "tourn"]
[EventRounds "9"]
[EventCountry "HUN"]

1. e4 e6 2. d4 d5 3. Bd3 Nc6 4. exd5 exd5 5. c3 Bd6 6. Ne2 Nf6 7. O-O Bg4 8. a4
Qd7 9. a5 a6 10. b4 Na7 11. f3 Bf5 12. Ng3 Bxd3 13. Re1+ Be4 14. Bg5 Bxg3 15.
hxg3 O-O-O 16. fxe4 dxe4 17. Bxf6 gxf6 18. Rxe4 Nb5 19. Qf3 1/2-1/2

[Event "Magyar Korcsoportos Bajnokság fiú14"]
[Site "Eger"]
[Date "2022.07.28"]
[Round "6.1"]
[White "Szegedy, Matyas"]
[Black "Csernyik, Mark"]
[Result "1-0"]
[WhiteElo "2152"]
[BlackElo "2022"]
[PlyCount "93"]
[EventDate "2022.09.23"]
[EventType "tourn"]
[EventRounds "9"]
[EventCountry "HUN"]

1. e4 c5 2. Nf3 Nc6 3. Bb5 e5 4. O-O Bd6 5. c3 a6 6. Ba4 b5 7. Bc2 Nge7 8. d4
cxd4 9. cxd4 exd4 10. Nxd4 Qc7 11. h3 Nxd4 12. Qxd4 O-O 13. Bb3 Bb7 14. Nc3 b4
15. Nd5 Nxd5 16. Bxd5 Bc5 17. Qd3 Bc6 18. Rd1 Bxd5 19. Qxd5 Qb6 20. Qf5 d6 21.
Bg5 Rfe8 22. Kh1 Re5 23. Qg4 Kh8 24. f3 Rae8 25. Rd2 a5 26. Rad1 a4 27. Bf4
R5e6 28. Qg3 Rg6 29. Qh2 b3 30. a3 Rc8 31. e5 dxe5 32. Bxe5 h6 33. Bc3 Bxa3 34.
Qf4 Bc5 35. Qxa4 Re6 36. Qg4 Rg8 37. Rd7 Rg6 38. Qf5 Rg5 39. Qxf7 Qb8 40. f4
Rg3 41. Kh2 Rxc3 42. bxc3 Be3 43. g3 b2 44. Rb7 Bc1 45. Rxb8 Rxb8 46. Rd7 Rg8
47. Rb7 1-0

[Event "Magyar Korcsoportos Bajnokság fiú14"]
[Site "Eger"]
[Date "2022.07.28"]
[Round "6.2"]
[White "Giang, Tran Nam"]
[Black "Matyassy, Lazar"]
[Result "1/2-1/2"]
[WhiteElo "2144"]
[BlackElo "2132"]
[PlyCount "42"]
[EventDate "2022.09.23"]
[EventType "tourn"]
[EventRounds "9"]
[EventCountry "HUN"]

1. e4 c6 2. Nf3 d5 3. Nc3 dxe4 4. Nxe4 Nf6 5. Qe2 Nxe4 6. Qxe4 Qd5 7. Qh4 Qf5
8. Bd3 Qg4 9. Qxg4 Bxg4 10. Ne5 Be6 11. b3 Nd7 12. Nxd7 Kxd7 13. Bb2 f6 14.
O-O-O Bd5 15. f3 e5 16. Bf5+ Kc7 17. Kb1 Bc5 18. d4 exd4 19. Bxd4 Bxd4 20. Rxd4
Rad8 21. Re1 g6 1/2-1/2

[Event "Magyar Korcsoportos Bajnokság fiú14"]
[Site "Eger"]
[Date "2022.07.28"]
[Round "6.3"]
[White "Bodrogi, Bendeguz"]
[Black "Turcsanyi, Vince Gergo"]
[Result "1-0"]
[WhiteElo "2170"]
[BlackElo "2117"]
[PlyCount "73"]
[EventDate "2022.09.23"]
[EventType "tourn"]
[EventRounds "9"]
[EventCountry "HUN"]

1. Nf3 d5 2. g3 Nf6 3. Bg2 e6 4. O-O Be7 5. c4 O-O 6. d4 dxc4 7. Qc2 b6 8. Ne5
Qxd4 9. Bxa8 Qxe5 10. Bf3 Ba6 11. Nc3 Nd5 12. Nxd5 exd5 13. Bf4 Qe6 14. Rad1
Bb7 15. b3 g5 16. Bc1 cxb3 17. Qxc7 Bc6 18. axb3 Nd7 19. Bb2 a5 20. Bg4 f5 21.
Bf3 Ba8 22. Rc1 Bd6 23. Qc3 Be5 24. Qd2 Bxb2 25. Qxb2 Ne5 26. Qd4 f4 27. Rcd1
Rd8 28. gxf4 gxf4 29. Kh1 Nxf3 30. exf3 Kf7 31. Rg1 Qf6 32. Qd3 Rd7 33. Qxh7+
Ke6 34. Qg8+ Ke7 35. Qxa8 Qc3 36. Rde1+ Kd6 37. Qf8+ 1-0

[Event "Magyar Korcsoportos Bajnokság fiú14"]
[Site "Eger"]
[Date "2022.07.28"]
[Round "6.4"]
[White "Megyaszai, Balazs"]
[Black "Szakmary, Domonkos"]
[Result "1-0"]
[WhiteElo "1919"]
[BlackElo "1967"]
[PlyCount "81"]
[EventDate "2022.09.23"]
[EventType "tourn"]
[EventRounds "9"]
[EventCountry "HUN"]

1. e4 d6 2. d4 Nf6 3. Nc3 Nbd7 4. Nf3 e5 5. Bc4 Be7 6. O-O c6 7. a4 Qc7 8. Bg5
h6 9. Bh4 exd4 10. Qxd4 Ne5 11. Be2 Bg4 12. Bg3 Nfd7 13. Qd1 Bxf3 14. Bxf3
O-O-O 15. Be2 g5 16. b4 Bf6 17. Ra3 Nb6 18. Rb3 Nbc4 19. Qc1 h5 20. Bxe5 Nxe5
21. b5 Rd7 22. bxc6 bxc6 23. Qe3 Ng4 24. Bxg4 hxg4 25. g3 Re7 26. Qe2 Bxc3 27.
Rxc3 f5 28. Qa6+ Kd7 29. Rb1 Ke6 30. Rxc6 Qd7 31. Rd1 Rd8 32. exf5+ Ke5 33. f6
Re6 34. Rc3 Kxf6 35. Rcd3 Ke7 36. Qa5 Re5 37. Qxe5+ dxe5 38. Rxd7+ Rxd7 39.
Rxd7+ Kxd7 40. Kg2 Kc6 41. f3 1-0

[Event "Magyar Korcsoportos Bajnokság fiú14"]
[Site "Eger"]
[Date "2022.07.28"]
[Round "6.5"]
[White "Gergely, Daniel"]
[Black "Kolimar, Kristof Pal"]
[Result "1/2-1/2"]
[WhiteElo "2053"]
[BlackElo "2160"]
[PlyCount "75"]
[EventDate "2022.09.23"]
[EventType "tourn"]
[EventRounds "9"]
[EventCountry "HUN"]

1. d4 Nf6 2. c4 g6 3. Nc3 Bg7 4. e4 d6 5. Nf3 O-O 6. h3 e5 7. dxe5 dxe5 8. Qxd8
Rxd8 9. Bg5 Re8 10. Nd5 Nxd5 11. cxd5 c6 12. Bc4 cxd5 13. Bxd5 Nc6 14. O-O-O
Be6 15. Bxe6 Rxe6 16. Rd7 f6 17. Be3 b6 18. Rhd1 Rae8 19. a3 R6e7 20. b4 Rxd7
21. Rxd7 Re7 22. Rxe7 Nxe7 23. Kc2 Nc8 24. a4 Kf7 25. Kb3 Ke6 26. Nd2 Bf8 27.
Nc4 Kd7 28. b5 Nd6 29. Nxd6 Bxd6 30. a5 Bc7 31. Kc4 Ke6 32. g3 Bd8 33. a6 Bc7
34. f4 exf4 35. gxf4 f5 36. exf5+ gxf5 37. Bd4 Bb8 38. Be3 1/2-1/2

[Event "Magyar Korcsoportos Bajnokság fiú14"]
[Site "Eger"]
[Date "2022.07.29"]
[Round "7.1"]
[White "Kolimar, Kristof Pal"]
[Black "Szegedy, Matyas"]
[Result "1-0"]
[WhiteElo "2160"]
[BlackElo "2152"]
[PlyCount "47"]
[EventDate "2022.09.23"]
[EventType "tourn"]
[EventRounds "9"]
[EventCountry "HUN"]

1. Nf3 d5 2. c4 d4 3. b4 f6 4. e3 e5 5. c5 a5 6. Qa4+ Bd7 7. b5 Bxc5 8. Bc4 Ne7
9. exd4 exd4 10. Ba3 Na6 11. O-O Nb4 12. Re1 c6 13. Nc3 dxc3 14. dxc3 Na6 15.
bxa6 b5 16. Bxc5 bxa4 17. Re3 Bg4 18. Rae1 Bxf3 19. Rxe7+ Qxe7 20. Rxe7+ Kd8
21. gxf3 Re8 22. Rxe8+ Kxe8 23. a7 Kd7 24. Bb6 1-0

[Event "Magyar Korcsoportos Bajnokság fiú14"]
[Site "Eger"]
[Date "2022.07.29"]
[Round "7.2"]
[White "Szakmary, Domonkos"]
[Black "Gergely, Daniel"]
[Result "1/2-1/2"]
[WhiteElo "1967"]
[BlackElo "2053"]
[PlyCount "94"]
[EventDate "2022.09.23"]
[EventType "tourn"]
[EventRounds "9"]
[EventCountry "HUN"]

1. e4 c5 2. Nf3 Nc6 3. d4 cxd4 4. Nxd4 g6 5. c4 Nf6 6. Nc3 d6 7. Be2 Bg7 8. Be3
O-O 9. Qd2 Bd7 10. Nc2 Rc8 11. Rc1 a6 12. f3 Ne5 13. b3 Rb8 14. Nd4 Qa5 15. Nd5
Qxd2+ 16. Kxd2 Nxd5 17. cxd5 Rbc8 18. h3 f5 19. f4 Nf7 20. exf5 gxf5 21. g4 Nh8
22. Rxc8 Bxc8 23. Bd3 Bxd4 24. Bxd4 Ng6 25. Ke3 fxg4 26. Bxg6 hxg6 27. hxg4
Bxg4 28. Rh8+ Kf7 29. Rxf8+ Kxf8 30. Bc3 Kf7 31. Kd4 Bf3 32. Be1 e6 33. Bb4 Ke7
34. dxe6 Kxe6 35. Bd2 b6 36. b4 b5 37. a3 Bc6 38. Be1 Kf5 39. Bd2 Kg4 40. Ke3
Bd5 41. Bc3 Bc4 42. Bf6 Kg3 43. Be7 d5 44. Bf6 Kg2 45. Bh4 Kh3 46. Bf6 Kg3 47.
Bg5 Kg4 1/2-1/2

[Event "Magyar Korcsoportos Bajnokság fiú14"]
[Site "Eger"]
[Date "2022.07.29"]
[Round "7.3"]
[White "Turcsanyi, Vince Gergo"]
[Black "Megyaszai, Balazs"]
[Result "1/2-1/2"]
[WhiteElo "2117"]
[BlackElo "1919"]
[PlyCount "125"]
[EventDate "2022.09.23"]
[EventType "tourn"]
[EventRounds "9"]
[EventCountry "HUN"]

1. e4 c5 2. Nf3 d6 3. d4 cxd4 4. Nxd4 Nf6 5. Nc3 a6 6. Be3 e5 7. Nb3 Be6 8. h3
h5 9. Qf3 Nbd7 10. O-O-O b5 11. Bd3 h4 12. Kb1 Rc8 13. Nd5 Bxd5 14. exd5 g6 15.
g4 Be7 16. Qg2 Nb6 17. Bxb6 Qxb6 18. Rhf1 Nd7 19. Nd2 O-O 20. Ne4 Nc5 21. g5
Nxe4 22. Bxe4 a5 23. Qg4 Rc4 24. f3 Qe3 25. Rg1 a4 26. Qd7 Bxg5 27. Qxd6 Kg7
28. Rge1 Qf2 29. Bd3 Rcc8 30. Qxe5+ Bf6 31. Qe3 Qh2 32. f4 Rfe8 33. Qxe8 Rxe8
34. Rxe8 Qxf4 35. Re4 Qf5 36. d6 Qd5 37. Ree1 Qxd6 38. c3 Qc5 39. a3 Qc8 40.
Re3 Qc5 41. Rf3 Bg5 42. Bc2 f5 43. Rfd3 Qf2 44. Rd7+ Kh6 45. R7d5 Qg3 46. Rxb5
Qxh3 47. Re5 Qg4 48. Ree1 h3 49. Rg1 Qh4 50. Rd4 Qf2 51. Rh1 Qg2 52. Rdd1 h2
53. Bxa4 Be3 54. Bb3 Bg1 55. Bd5 Qf2 56. Rc1 Qe3 57. c4 f4 58. c5 Qd3+ 59. Ka1
Qxd5 60. Rcxg1 Qxc5 61. Rxh2+ Kg7 62. Rhg2 Qf5 63. a4 1/2-1/2

[Event "Magyar Korcsoportos Bajnokság fiú14"]
[Site "Eger"]
[Date "2022.07.29"]
[Round "7.4"]
[White "Matyassy, Lazar"]
[Black "Bodrogi, Bendeguz"]
[Result "1/2-1/2"]
[WhiteElo "2132"]
[BlackElo "2170"]
[PlyCount "45"]
[EventDate "2022.09.23"]
[EventType "tourn"]
[EventRounds "9"]
[EventCountry "HUN"]

1. e4 c5 2. Nf3 Nc6 3. Bb5 g6 4. O-O Bg7 5. Re1 e5 6. Bxc6 dxc6 7. d3 Qc7 8.
Be3 b6 9. a3 a5 10. Nbd2 Ne7 11. Nc4 Be6 12. Ng5 Bxc4 13. dxc4 O-O 14. a4 h6
15. Nf3 Rad8 16. Qe2 Rd7 17. Bd2 Rfd8 18. Bc3 Qd6 19. Rad1 Qxd1 20. Rxd1 Rxd1+
21. Ne1 g5 22. g3 Ng6 23. Kg2 1/2-1/2

[Event "Magyar Korcsoportos Bajnokság fiú14"]
[Site "Eger"]
[Date "2022.07.29"]
[Round "7.5"]
[White "Csernyik, Mark"]
[Black "Giang, Tran Nam"]
[Result "1/2-1/2"]
[WhiteElo "2022"]
[BlackElo "2144"]
[PlyCount "44"]
[EventDate "2022.09.23"]
[EventType "tourn"]
[EventRounds "9"]
[EventCountry "HUN"]

1. Nf3 d5 2. d4 Nf6 3. c4 dxc4 4. e3 e6 5. Bxc4 a6 6. O-O c5 7. Bb3 b5 8. Nc3
Bb7 9. Ne5 Nbd7 10. f4 Qc7 11. Bd2 Be7 12. Rc1 O-O 13. Bc2 Rfd8 14. Qe2 Nf8 15.
dxc5 Qxc5 16. Ne4 Qb6 17. Nxf6+ Bxf6 18. Bc3 Ng6 19. Rcd1 Rxd1 20. Bxd1 Rd8 21.
Bc2 Nh4 22. Bxh7+ Kxh7 1/2-1/2

[Event "Magyar Korcsoportos Bajnokság fiú14"]
[Site "Eger"]
[Date "2022.07.30"]
[Round "8.1"]
[White "Szegedy, Matyas"]
[Black "Giang, Tran Nam"]
[Result "1/2-1/2"]
[WhiteElo "2152"]
[BlackElo "2144"]
[PlyCount "163"]
[EventDate "2022.09.23"]
[EventType "tourn"]
[EventRounds "9"]
[EventCountry "HUN"]

1. e4 e6 2. d4 d5 3. Nd2 Be7 4. Ngf3 Nf6 5. e5 Nfd7 6. Bd3 c5 7. c3 Nc6 8. O-O
g5 9. dxc5 Ndxe5 10. Bb5 Ng6 11. Nb3 O-O 12. Re1 Bd7 13. Bd3 f5 14. c4 g4 15.
cxd5 gxf3 16. dxc6 Bxc6 17. g3 Bd5 18. Bh6 Rf7 19. Qd2 Bf8 20. Rad1 Bxh6 21.
Qxh6 Qf6 22. Na5 b6 23. Nc4 bxc5 24. Rd2 Rb8 25. b3 Qg7 26. Qxg7+ Kxg7 27. Ne3
Ne7 28. Bc4 Rd8 29. Red1 Rf6 30. Rd3 f4 31. Nxd5 exd5 32. Bxd5 fxg3 33. hxg3
Nxd5 34. Rxd5 Rxd5 35. Rxd5 Ra6 36. Rxc5 Rxa2 37. Rf5 Rb2 38. Rxf3 a5 39. Kg2
Kg6 40. Rc3 Rd2 41. Kf3 Rd4 42. Rc6+ Kg7 43. Rb6 Rd2 44. Rb5 Rb2 45. Rxa5 Rxb3+
46. Kg4 Rb6 47. f4 Kg6 48. Rg5+ Kf6 49. Kh5 Rb2 50. Ra5 Rh2+ 51. Kg4 Rb2 52.
Ra6+ Kg7 53. Kg5 Rb7 54. f5 Rc7 55. g4 Rb7 56. Ra1 Rc7 57. Rh1 Rc5 58. Rh6 Rb5
59. Re6 Rb7 60. Kh5 Rb1 61. Kg5 Rb7 62. Kf4 Rb4+ 63. Re4 Rb7 64. g5 Kf7 65. Ra4
Rc7 66. Kg4 Rc1 67. Kf4 Rf1+ 68. Ke5 Re1+ 69. Re4 Rg1 70. Ra4 Re1+ 71. Re4 Rg1
72. Kf4 Rf1+ 73. Kg4 Rg1+ 74. Kh5 Rh1+ 75. Rh4 Rf1 76. f6 Rg1 77. Ra4 Rh1+ 78.
Kg4 Rg1+ 79. Kf4 Rf1+ 80. Ke4 Kg6 81. Ra5 h6 82. gxh6 1/2-1/2

[Event "Magyar Korcsoportos Bajnokság fiú14"]
[Site "Eger"]
[Date "2022.07.30"]
[Round "8.2"]
[White "Bodrogi, Bendeguz"]
[Black "Csernyik, Mark"]
[Result "1/2-1/2"]
[WhiteElo "2170"]
[BlackElo "2022"]
[PlyCount "49"]
[EventDate "2022.09.23"]
[EventType "tourn"]
[EventRounds "9"]
[EventCountry "HUN"]

1. d4 Nf6 2. c4 g6 3. Nc3 Bg7 4. e4 d6 5. Be2 O-O 6. Be3 e5 7. d5 a5 8. g4 Na6
9. f3 c6 10. Qd2 cxd5 11. cxd5 Bd7 12. h4 Nc5 13. h5 Qe7 14. Rc1 Rfc8 15. h6
Bh8 16. Bc4 Qe8 17. Qe2 a4 18. Bd2 Ra5 19. Nb1 Raa8 20. Na3 Qe7 21. Bg5 Qd8 22.
Nh3 Qb6 23. Nf2 Ne8 24. Be3 Nc7 25. Nd3 1/2-1/2

[Event "Magyar Korcsoportos Bajnokság fiú14"]
[Site "Eger"]
[Date "2022.07.30"]
[Round "8.3"]
[White "Megyaszai, Balazs"]
[Black "Matyassy, Lazar"]
[Result "1-0"]
[WhiteElo "1919"]
[BlackElo "2132"]
[PlyCount "65"]
[EventDate "2022.09.23"]
[EventType "tourn"]
[EventRounds "9"]
[EventCountry "HUN"]

1. e4 c5 2. Nf3 Nc6 3. d4 cxd4 4. Nxd4 Nf6 5. Nc3 d6 6. Bg5 e6 7. Qd3 Be7 8.
O-O-O a6 9. Nxc6 bxc6 10. Qg3 Qa5 11. Bxf6 gxf6 12. f4 Qc5 13. f5 e5 14. Qf3 h5
15. Be2 a5 16. a4 Qb4 17. Rhf1 Rb8 18. b3 Qa3+ 19. Kb1 Bd8 20. Qd3 Ke7 21. Qc4
Rb6 22. Nd5+ cxd5 23. Qxc8 Qxa4 24. Rxd5 Qxe4 25. Bb5 Rxb5 26. Rxb5 Qe2 27.
Rb7+ Kf8 28. Rf3 Qd1+ 29. Kb2 Qd4+ 30. Ka2 h4 31. Qxd8+ Kg7 32. Qc7 Rf8 33. Qc4
1-0

[Event "Magyar Korcsoportos Bajnokság fiú14"]
[Site "Eger"]
[Date "2022.07.30"]
[Round "8.4"]
[White "Gergely, Daniel"]
[Black "Turcsanyi, Vince Gergo"]
[Result "1-0"]
[WhiteElo "2053"]
[BlackElo "2117"]
[PlyCount "117"]
[EventDate "2022.09.23"]
[EventType "tourn"]
[EventRounds "9"]
[EventCountry "HUN"]

1. d4 Nf6 2. c4 c5 3. d5 b5 4. cxb5 a6 5. bxa6 Bxa6 6. Nc3 g6 7. e4 Bxf1 8.
Kxf1 d6 9. g3 Bg7 10. Kg2 O-O 11. Nf3 Nbd7 12. a4 Ra6 13. Qc2 Qa8 14. Ra3 e6
15. dxe6 fxe6 16. Re1 Ng4 17. Nb5 Qc6 18. h3 Nge5 19. Nxe5 Bxe5 20. f4 Bg7 21.
Kh2 Nb6 22. Qb3 d5 23. exd5 exd5 24. Re7 Nc4 25. Ra2 Raa8 26. Qf3 Rfe8 27. Rc7
Qe6 28. b3 Nd6 29. Rxc5 Nxb5 30. Rxb5 Rad8 31. Rg2 d4 32. f5 gxf5 33. Qxf5 d3
34. Qxe6+ Rxe6 35. Bd2 Re2 36. a5 Rc8 37. a6 Ra8 38. Rb6 Re7 39. b4 Rd7 40. Rc6
Bd4 41. Bf4 Rd5 42. Rd2 Bg7 43. h4 Bf8 44. Rb6 Rd4 45. b5 Bb4 46. Rd1 d2 47.
Rb7 Re4 48. a7 Re2+ 49. Kh3 Re1 50. Rb8+ Kf7 51. Rxa8 Rxd1 52. Bxd2 Rxd2 53.
Rf8+ Bxf8 54. a8=Q h5 55. Qf3+ Kg8 56. Qxh5 Rb2 57. Qg5+ Bg7 58. h5 Kh7 59.
Qg6+ 1-0

[Event "Magyar Korcsoportos Bajnokság fiú14"]
[Site "Eger"]
[Date "2022.07.30"]
[Round "8.5"]
[White "Kolimar, Kristof Pal"]
[Black "Szakmary, Domonkos"]
[Result "1-0"]
[WhiteElo "2160"]
[BlackElo "1967"]
[PlyCount "84"]
[EventDate "2022.09.23"]
[EventType "tourn"]
[EventRounds "9"]
[EventCountry "HUN"]

1. d4 c5 2. d5 Nf6 3. Nc3 d6 4. e4 g6 5. Nf3 Bg7 6. Be2 O-O 7. O-O Bg4 8. Nd2
Bxe2 9. Qxe2 Nbd7 10. a4 Ne8 11. a5 Nc7 12. f4 a6 13. Nc4 Nb5 14. Na4 Nd4 15.
Qd1 Qe8 16. c3 Nb5 17. Qd3 Rd8 18. Bd2 Nc7 19. Kh1 f5 20. exf5 Rxf5 21. Ne3 Rf8
22. Rae1 Nf6 23. Nb6 Na8 24. Nxa8 Rxa8 25. Nc4 Qf7 26. Nb6 Rad8 27. Re6 Nd7 28.
Nc4 Rb8 29. Rfe1 Rfe8 30. b3 b5 31. axb6 Nxb6 32. Na5 Qf5 33. Qxf5 gxf5 34. c4
Kf7 35. Nc6 Rb7 36. Ba5 Bf6 37. g3 Kf8 38. Kg2 Nd7 39. R6e3 Bd4 40. Rxe7 Rxe7
41. Rxe7 Bf6 42. Re6 Rxb3 1-0

[Event "Magyar Korcsoportos Bajnokság fiú14"]
[Site "Eger"]
[Date "2022.07.31"]
[Round "9.3"]
[White "Matyassy, Lazar"]
[Black "Gergely, Daniel"]
[Result "1/2-1/2"]
[WhiteElo "2132"]
[BlackElo "2053"]
[PlyCount "43"]
[EventDate "2022.09.23"]
[EventType "tourn"]
[EventRounds "9"]
[EventCountry "HUN"]

1. e4 c5 2. Nf3 Nc6 3. d4 cxd4 4. Nxd4 g6 5. c4 Nf6 6. Nc3 d6 7. Be2 Bg7 8. Be3
O-O 9. f3 Bd7 10. Qd2 Nxd4 11. Bxd4 a5 12. g4 a4 13. O-O-O Qa5 14. h4 Rfc8 15.
g5 Nh5 16. Bxg7 Nxg7 17. Nd5 Re8 18. Qe3 Be6 19. h5 Bxd5 20. Rxd5 Qa7 21. Qxa7
Rxa7 22. f4 1/2-1/2

[Event "Magyar Korcsoportos Bajnokság fiú14"]
[Site "Eger"]
[Date "2022.07.31"]
[Round "9.4"]
[White "Csernyik, Mark"]
[Black "Megyaszai, Balazs"]
[Result "1/2-1/2"]
[WhiteElo "2022"]
[BlackElo "1919"]
[PlyCount "67"]
[EventDate "2022.09.23"]
[EventType "tourn"]
[EventRounds "9"]
[EventCountry "HUN"]

1. e4 c5 2. Nf3 d6 3. d4 cxd4 4. Nxd4 Nf6 5. Nc3 a6 6. f3 e5 7. Nb3 Be6 8. Be3
h5 9. Qd2 Nbd7 10. Nd5 Bxd5 11. exd5 g6 12. Be2 Bg7 13. O-O O-O 14. c4 Rc8 15.
Na5 Qc7 16. b4 b6 17. Nc6 Kh7 18. Rac1 Qb7 19. a4 Nb8 20. Nxb8 Qxb8 21. g4 Qb7
22. h3 Rfe8 23. Bg5 hxg4 24. hxg4 Kg8 25. Kg2 Nh7 26. Bh6 Bh8 27. Bd3 Qd7 28.
Qc2 Nf6 29. Rce1 Nxg4 30. fxg4 Qxg4+ 31. Kh1 Qh3+ 32. Kg1 Qxh6 33. Re2 e4 34.
Rxe4 1/2-1/2

[Event "Magyar Korcsoportos Bajnokság fiú16"]
[Site "Eger"]
[Date "2022.07.24"]
[Round "1.1"]
[White "Borzsei, Andras"]
[Black "Kocsmar, Akos"]
[Result "0-1"]
[WhiteElo "2002"]
[BlackElo "2061"]
[PlyCount "146"]
[EventDate "2022.07.24"]
[EventType "tourn"]
[EventRounds "7"]
[EventCountry "HUN"]

1. d4 Nf6 2. c4 e6 3. Nc3 Bb4 4. Qc2 d5 5. a3 Bxc3+ 6. Qxc3 O-O 7. Nf3 dxc4 8.
Qxc4 b6 9. e3 Ba6 10. Qc2 Bxf1 11. Kxf1 Nbd7 12. Qc6 Nd5 13. Bd2 Ne7 14. Qa4 c5
15. Bc3 Qc8 16. h4 Qc6 17. Qxc6 Nxc6 18. Ke2 cxd4 19. Nxd4 Nxd4+ 20. Bxd4 Rfc8
21. Rac1 Kf8 22. Bc3 f6 23. Rc2 Ke8 24. Rhc1 Nb8 25. g4 Na6 26. g5 Kf7 27. Rd2
Rd8 28. Rcd1 Rxd2+ 29. Rxd2 Ke7 30. Kf3 Rc8 31. Kg4 Rc5 32. Rd4 f5+ 33. Kg3 Rc7
34. h5 Nc5 35. f3 a5 36. Rd2 Kf7 37. Rd6 Nd7 38. Kf2 Ke7 39. Rd1 Kf7 40. Kg3 e5
41. f4 Ke6 42. Kf3 Rc5 43. Rd2 Rc7 44. Ke2 g6 45. hxg6 hxg6 46. Kf3 e4+ 47. Kg3
Rc6 48. Rh2 Kd5 49. Rh7 Rd6 50. Kf2 Kc4 51. Ke2 Kd5 52. Rg7 Kc6 53. Bd4 b5 54.
Bc3 a4 55. Bb4 Re6 56. Kd2 Nb6 57. Bc3 Nd5 58. Bd4 b4 59. axb4 Kb5 60. Rb7+ Kc4
61. b5 Rd6 62. b6 Kb5 63. Rf7 Nxb6 64. Rf6 Nc4+ 65. Ke2 Kb4 66. Bc3+ Kb3 67.
Rxd6 Nxd6 68. Kd1 Nc4 69. Bd4 Nxb2+ 70. Kc1 a3 71. Kb1 a2+ 72. Ka1 Nd3 73. Bc5
Ne1 0-1

[Event "Magyar Korcsoportos Bajnokság fiú16"]
[Site "Eger"]
[Date "2022.07.24"]
[Round "1.2"]
[White "Onodi, Tamas"]
[Black "Tran, David"]
[Result "1-0"]
[WhiteElo "2030"]
[BlackElo "2090"]
[PlyCount "167"]
[EventDate "2022.07.24"]
[EventType "tourn"]
[EventRounds "7"]
[EventCountry "HUN"]

1. d4 Nf6 2. Nf3 d5 3. g3 c6 4. Bg2 Bf5 5. O-O e6 6. c4 Bd6 7. b3 h6 8. Bb2
Nbd7 9. Nbd2 Qc7 10. Re1 O-O 11. Rc1 Rfe8 12. a3 a5 13. Nb1 Rac8 14. Nfd2 Qb8
15. e4 dxe4 16. Nc3 e5 17. Ndxe4 exd4 18. Nxf6+ Nxf6 19. Qxd4 Be5 20. Qb6 Nd7
21. Qe3 Bf6 22. Qf3 Be6 23. Na4 Bxb2 24. Nxb2 Ne5 25. Qc3 Bg4 26. Qxa5 Qd6 27.
Qc3 Qf6 28. f4 Nf3+ 29. Bxf3 Rxe1+ 30. Qxe1 Bxf3 31. Qc3 Rd8 32. Qxf6 gxf6 33.
Rc2 b5 34. Kf2 Be4 35. Re2 f5 36. Ke3 bxc4 37. bxc4 c5 38. Rd2 Rb8 39. Na4 Rb3+
40. Ke2 Rxa3 41. Nxc5 Ra5 42. Nxe4 fxe4 43. Ke3 Rc5 44. Rc2 f5 45. g4 fxg4 46.
Kxe4 Kf7 47. Kd4 Rc8 48. Ke5 h5 49. c5 h4 50. c6 g3 51. hxg3 hxg3 52. Kd6 Kf6
53. Rg2 Rg8 54. c7 Kf5 55. Rxg3 Rxg3 56. c8=Q+ Kxf4 57. Qc2 Rg5 58. Ke6 Re5+
59. Kf6 Re3 60. Qf5+ Kg3 61. Qg5+ Kf3 62. Kf5 Rd3 63. Qf4+ Ke2 64. Ke4 Rd2 65.
Qf3+ Ke1 66. Qc3 Kd1 67. Kf3 Rf2+ 68. Kg3 Rd2 69. Qb3+ Ke2 70. Qf3+ Ke1 71.
Qh1+ Ke2 72. Qg1 Kd3 73. Kf3 Kc2 74. Qf1 Rd3+ 75. Ke2 Rc3 76. Qf7 Kb1 77. Kd2
Rc2+ 78. Kd3 Rb2 79. Qc4 Ka1 80. Qa4+ Ra2 81. Qd1+ Kb2 82. Qd2+ Ka3 83. Qc3+
Ka4 84. Kc4 1-0

[Event "Magyar Korcsoportos Bajnokság fiú16"]
[Site "Eger"]
[Date "2022.07.24"]
[Round "1.3"]
[White "Pasztor, Balazs"]
[Black "Muranyi, Peter"]
[Result "1-0"]
[WhiteElo "2336"]
[BlackElo "2018"]
[PlyCount "65"]
[EventDate "2022.07.24"]
[EventType "tourn"]
[EventRounds "7"]
[EventCountry "HUN"]

1. e4 Nf6 2. e5 Nd5 3. d4 Nb6 4. a4 a5 5. Nf3 d5 6. c3 Bf5 7. Nh4 Be4 8. e6 Qd6
9. exf7+ Kxf7 10. Nd2 N8d7 11. Nxe4 dxe4 12. Nf5 Qg6 13. Ng3 Nf6 14. h4 h5 15.
Bg5 Nbd7 16. Qb3+ e6 17. Bc4 Re8 18. Qxb7 Bd6 19. Qb3 e3 20. f4 Ng4 21. O-O Kf8
22. Qd1 Ndf6 23. Rf3 Nf2 24. Qe2 N6g4 25. f5 exf5 26. Nxf5 Bh2+ 27. Kf1 Nf6 28.
Nxg7 Kxg7 29. Rxf6 Qe4 30. Rf7+ Kg6 31. Rxf2 Rhf8 32. Rf3 Qg4 33. Bd5 1-0